000 01280nab a2200301 4500
003 AR-RoBPED
005 20260423143620.0
008 260423b |||||||| |||| 00| 0 spa d
040 _aAR-RoBPED
041 _aspa
100 1 _aCisneros, Claudia E.
_930797
_eProfesora en Ciencias de la Educación
245 1 _aAvistaje de aves :
_bexperiencia interáreas en educación primaria /
260 _aBuenos Aires :
_bNoveduc,
_c2024
300 _a34-36 p.
500 _aSe comparte una experiencia desarrollada desde las áreas de Plástica y Ciencias Naturales con estudiantes de quinto grado de la Escuela Primaria N° 66 "Estado de Israel" ubicada en la ciudad de General Pico, provincia de La Pampa.
650 7 _aAVES
_91567
650 0 _aVISITAS GUIADAS
_924269
650 7 _aRESERVAS NATURALES
_935
650 7 _aAPRENDIZAJE
_9560
650 7 _aCIENCIAS NATURALES
_9535
650 7 _aPLASTICA
_918130
650 7 _aEXPERIENCIA PEDAGOGICA
_93265
650 7 _aNIVEL PRIMARIO
_918876
700 1 _aSciarrotta, Lucrecia
_930798
_eProfesora en Artes Visuales
773 0 _020414
_941866
_dBuenos Aires : Noveduc, 1993-
_tNovedades Educativas
_w(AR-RoBPED)20414
_x03283534
942 _2udc
_cREV
_h37(05)
_mNov 86 N° 398 (Sept.2024)
_ak.32612
945 _amar 04/2026
999 _c32612
_d32612